00642cam a22002052i 4500001001300000003000700013005001700020008004100037020003800078040001800116042000900134084002100143245012600164260004400290300001800334650002400352650002400376650001800400650001800418CIP113018095YEEZEN20250113153712.0241119s2024 ch e 000 0 chi d a9789579972673q(平裝) :cNT$350 aCIPbchicCIP anbic a410.16192ncsclt10a醫病雙贏 第三輯b: 醫學倫理暨病人安全論壇. 第三輯= Issue on medical ethics & patient safety. vol.3. a臺中市 :b澄清基金會, c2024.12 a面 ;c公分 72lcstta醫學倫理 72lcstta醫病關係 72lcstta病人 72lcstta文集